=LDR 00000nam 2200000 4500 =001 NUTBA000000000002228 =005 20140609154319.0 =006 =007 =008 =020 ##$$a 978-979-1211-35-2 =035 ##$$a 0010-061400000000171 =040 ##$$a NBPDMAT =082 ##$$a 631.585 =090 ##$$a 631.585 $b Ahm m =100 ##$$a Ahmad Said =245 ##$$a Menanam mentimun secara hidroponik / $c Ahmad Said =250 ##$$a Cet.1 =260 ##$$a Jakarta : $b Azka Mulia Media, $c 2007 =300 ##$$a iv, 92 hlm. ; $c 21 cm. =650 ##$$a Tanaman Hidroponik - Mentimun =850 ##$$a NBPDMAT =990 ##$$a 21400901